Country By Billionaire - Statistics

General Stats
  • This quiz has been taken 28 times
  • The average score is 8 of 10
Answer Stats
Name Country % Correct
Jeff Besos United States
100%
Bernard Arnault France
83%
Giovanni Fererro Italy
83%
Amancio Ortega Spain
83%
Dieter Schwarz Germany
79%
Mukesh Ambani India
79%
Carlos Slim Helu Mexico
79%
Zhong Shanshan China
75%
Masayoshi Son Japan
75%
David Thomson Canada
67%
No matching quizzes found
Score Distribution
Percent of People with Each Score
Percentile by Number Answered
Your Score History
You have not taken this quiz